El Empleo y la crisis económica en Honduras: un análisis estructural y de coyuntura /
El documento presenta un análisis en materia de empleo y demás aspectos relacionados al mismo, que persiste y profundiza la aún insuperada recesión económica que afecta a Honduras.
Gardado en:
| Autor Principal: | |
|---|---|
| Formato: | Tesis |
| Idioma: | Spanish |
| Publicado: |
Tegucigalpa:
Universidad Nacional Autónoma de Honduras
1988
|
| Materias: | |
| Etiquetas: |
Engadir etiqueta
Sen Etiquetas, Sexa o primeiro en etiquetar este rexistro!
|
MARC
| LEADER | 00000 a a2200000 04500 | ||
|---|---|---|---|
| 001 | 21185 | ||
| 003 | cru CIDCACS/IIS | ||
| 005 | 20230517091125.0 | ||
| 008 | 220421b1988 hn h|||| |||| 00| 0 spa d | ||
| 040 | |a CRAI/IIS |c CRAI/IIS | ||
| 090 | |a 03.02.04 F634e | ||
| 100 | |a Flores Machado, Roberto José | ||
| 245 | |a El Empleo y la crisis económica en Honduras: un análisis estructural y de coyuntura / |c Roberto José Flores Machado | ||
| 260 | |a Tegucigalpa: |b Universidad Nacional Autónoma de Honduras |c 1988 | ||
| 300 | |a 136 páginas | ||
| 502 | |a Tesis (Master en Economía y Planificación del Desarrollo) -- Universidad Nacional Autónoma de Honduras. Posgrado Centroamericano de Economía y Planificación del Desarrollo, 1988 | ||
| 520 | |a El documento presenta un análisis en materia de empleo y demás aspectos relacionados al mismo, que persiste y profundiza la aún insuperada recesión económica que afecta a Honduras. | ||
| 650 | 4 | |9 4377 |a ESTADISTICAS DE EMPLEO | |
| 650 | 4 | |9 1844 |a DESEMPLEO | |
| 650 | 0 | |9 287 |a MERCADO DE TRABAJO | |
| 650 | 0 | |9 6343 |a CRISIS ECONOMICA | |
| 942 | |2 z |c LI |h 03.02.04 F634e |i 11903 |6 030204_F634E_11903 | ||
| 999 | |c 17931 |d 17931 | ||
